| 000 | 01185nam a22003377a 4500 | ||
|---|---|---|---|
| 001 | 4487930 | ||
| 003 | OSt | ||
| 005 | 20210426061734.0 | ||
| 008 | 970131s1997 nyu 001 0 eng | ||
| 010 | _a 97007023 | ||
| 020 | _a1883011450 (alk. paper) | ||
| 040 |
_aDLC _cDLC _dDLC _beng |
||
| 041 | _aeng | ||
| 050 | 0 | 0 |
_aPS3537.T4753 _bA6 1997 |
| 080 |
_a821.111 _bS-84 |
||
| 082 | 0 | 0 |
_a811/.52 _221 |
| 100 | 1 |
_aStevens, Wallace, _d1879-1955. |
|
| 240 | 1 | 0 |
_aWorks. _kSelections. _f1997 |
| 245 | 1 | 0 |
_aCollected poetry and prose / _cWallace Stevens. _b/ by: Library of America |
| 246 | 1 | 8 | _aCollected poetry & prose |
| 260 |
_aNew York _bLibrary of America _bDistributed to the trade in the U.S. by Penguin Books, _cc1997. |
||
| 300 |
_axxii, 1032 p. _c21 cm. |
||
| 365 | _b35 usd | ||
| 440 | 4 |
_aThe library of America ; _v96 |
|
| 500 | _aIncludes indexes. | ||
| 650 | 0 |
_9247 _aEnglish literature |
|
| 653 | _aინგლისური ლიტერატურა | ||
| 906 |
_a7 _bcbc _corignew _d1 _eocip _f19 _gy-gencatlg |
||
| 942 |
_2udc _cBK |
||
| 999 |
_c1479 _d1479 |
||